Statistics for Japanese Fruit and Vegetable Vocabulary

Click here to take the quiz!

General Stats

  • This quiz has been taken 115 times
  • The average score is 14 of 54

Answer Stats

EnglishJapanese% Correct
Bananabanana
93%
Appleringo
85%
Strawberryichigo
79%
Orangeorenji
72%
Lemonremon
67%
Melonmeron
62%
Tomatotomato
62%
Peachmomo
61%
Mangomango-
57%
Watermelonsuika
46%
Limeraimu
41%
Carrotninjin
39%
Avocadoabokado
38%
Oliveori-bu
36%
Grapebudou
33%
Pumpkinkabocha
31%
Kiwikiui
30%
Broccoliburokkori
28%
Potatojagaimo
28%
Pearnashi
28%
Pineapplepainappuru
28%
Cherrysakuranbo
26%
Oniontamanegi
25%
Lettuceretasu
23%
Plumume
23%
Coconutkokonattsu
21%
Beanmame
21%
Garlicninniku
20%
Cucumberkyuuri
18%
Zucchinizukki-ni
16%
Blackberryburakkuberi-
15%
Cranberrykuranberi-
15%
Cabbagekyabetsu
15%
Bell pepperpi-man
15%
Celeryserori
13%
Apricotapurikotto
11%
Corntoumorokoshi
11%
Spinachhourensou
10%
Papayapapaia
10%
Sweet potatosatsumaimo
10%
Asparagusasuparagasu
8%
Turnipta-nippu
8%
Beetbi-to
7%
Grapefruitgure-pufuru-tsu
7%
Radishradisshu
7%
Pomegranatezakuro
7%
Eggplanteggupuranto
5%
Peaendoumame
3%
Raspberryfuranbowa-zu
2%
Cauliflowerhanayasai
2%
Berrykajitsu
2%
Brussels Sproutskomochikanran
2%
Blueberrymiruti-yu
2%
Green beansayamame
2%

Score Distribution

Percentile by Number Answered

Percent of People with Each Score

Your Score History

You have not taken this quiz